• 首页
  • 本馆介绍
  • 公告通知
  • 最新文献
  • 馆藏检索
  • 电子资源
  • 读者导购
  • 参考咨询
  • 我的图书馆
  • 登录
  • 详细信息显示
  • 放入我的书架
  • 预约/预借图书
  • 作者相关作品
  • 分类相关作品
  • 丛书相关作品
  • 出版社相关作品

书目信息

  • 表格格式
  • 工作单格式
  • 卡片格式
书名: Brewer's dictionary of phrase and fable
作者:
分册号:
分册名:
出版地: London :
 
出版社: Cassell
出版时间: 1970.
页数: xvi, 1175 p. ;
开本: 23 cm.
丛书名:
中图分类号:
科图分类号:
其他分类号: H313.3-61
主题词:
电子资源:
000 00976cam 2200313 a 4500
001 E0731353852
005 20070727173111.46
008 0112251970 enk d 000 0 eng
010    @a 83124550
020    @a0-304-93570-0 :@cCNY5.10.
035    @a(DLC) 83124550
040    @aDLC@cDLC@dDLC
050 00 @aPN43@b.B65 1981
082 00 @a803 @2 19
090    @aI-61/X1/1981
090    @aH313.3-61
093    @aI-61 @2 4
099    @dH313.3-61@ex21
100 1  @aBrewer, Ebenezer Cobham,@d1810-1897.
240 10 @aDictionary of phrase and fable
245 10 @aBrewer's dictionary of phrase and fable.
250    @aRev. ed. / :@bby Ivor H. Evans.
260    @aLondon :@bCassell,@c1970.
300    @axvi, 1175 p. ;@c23 cm.
650  0 @aLiterature@xDictionaries.
650  0 @aEnglish language@xTerms and phrases.
650  0 @aAllusions in literature@xDictionaries.
650  0 @aMythology@xDictionaries.
700 1  @aEvans, Ivor H.
    
    Brewer's dictionary of phrase and fable.-Rev. ed. / : : by Ivor H. Evans.-London : : Cassell, , 1970.
    xvi, 1175 p. ; ; 23 cm.
    
    
    ISBN 0-304-93570-0 :CNY5.10.
    
●
相关链接 在E读中查询图书 在五车中查询图书 在当当中查询图书 在豆瓣中查询图书


正题名:Brewer's dictionary of phrase and fable     索取号:H313.3-61/x21         预约/预借

序号 登录号 条形码 馆藏地/架位号 状态 备注
1 27533   300140461   密集书库/ [索取号:H313.3-61/x21] 在馆    
2 28453   001299650   第四借阅区/ [索取号:H313.3-61/x21] 在馆    
3 3232   001299632   第四借阅区/ [索取号:H313.3-61/x21] 在馆    
4 3233   001299623   密集书库/ [索取号:H313.3-61/x21] 在馆    
5 3235   001299641   第四借阅区/ [索取号:H313.3-61/x21] 在馆    
6 3236   001299669   第二样本阅览室/ [索取号:H313.3-61/x21] 在馆    
7 45981   001299614   第四借阅区/ [索取号:H313.3-61/x21] 在馆    
唐山师范学院图书馆 欢迎您!
大连网信软件有限公司© 版权所有